00510nam a2200193 450000500170000000600040001700700040002100800040002502000150002904000090004405000250005310000170007824500580009526000670015330000100022044000250023050000500025565000110030520260323140052.0000000000 a0901348465 aUOEL aSD434b.B76 1978 V.4 aBrown, W. H. aTimbers of South East Asia /cPrepared by W. H. Brown aEngland :bTimberResearch and Development Association,cc1978. a82 p. aTimbers of the world aIncludes bibliographical references and index aTimber